Comptabilité - révision des bases théoriques - Statistiques

Statistiques générales
  • Ce quiz a été pris 244 fois
  • Le résultat moyen est 17 sur 30
Statistiques - réponses
Question Réponse % Correct
L'actif regroupe ce que l'entreprise ... et le passif, ce qu'elle ... possède ; doit
87%
Le résultat comptable correspond à la différence entre les produits et les charges
86%
Par convention, la partie gauche d'un compte est appelée ... et la droite ... débit ; crédit
73%
Que constitue le compte de résultat? un document qui permet d'expliquer la formation du résultat d'un exercice
73%
Que constitue le bilan? une photographie du patrimoine de l'entreprise à un moment donné
72%
Quelle est la principale distinction entre une charge et une immobilisation? son caractère durable ou non
68%
Les comptes d'actif augmentent au ... et diminuent au ... débit ; crédit
65%
Les comptes de passif augmentent au ... et diminuent au ... crédit ; débit
64%
Si la masse créditrice d'un compte est supérieure à sa masse débitrice, le solde est créditeur
64%
Quels sont les trois types d'opérations que l'on peut retrouver dans les deux colonnes du compte de résultat? exploitation ; financières ; exceptionnelles
64%
Le référentiel applicable aux entreprises françaises est le Plan Comptable Général
62%
Un exercice comptable (hors année de création / cessation d'activité) dure toujours nécessairement 12 mois et s'étend du 01/01/N au 31/12/N Faux
61%
Les comptes de charges (classe 6) augmentent au ... et diminuent au ... débit ; crédit
60%
Les comptes de produits (classe 7) augmentent au ... et diminuent au ... crédit ; débit
58%
Le résultat de l'exercice sera ensuite reporté dans le bilan de clôture de l'exercice et figurera à la rubrique ... capitaux propres
57%
En principe, les comptes d'actif présentent un solde ... ou nul et les comptes de passif un solde ... ou nul débiteur ; créditeur
57%
Lequel de ces documents ne constitue PAS un support comptable (dans l'acception "classique" du terme)? budget de trésorerie
55%
Le bilan d'ouverture en N doit correspondre au bilan de clôture en N-1 Vrai
55%
En principe, les comptes de charges présentent un solde ... ou nul et les comptes de produits un solde ... ou nul débiteur ; créditeur
53%
Les documents obligatoires à produire annuellement par tout commerçant personne physique ou morale sont bilan ; compte de résultat ; annexe
50%
On retrouve des reports "à nouveau" d'un exercice à l'autre uniquement pour les comptes de gestion Faux
50%
Dans le compte 512. Banque, les sommes d'argent encaissées sont enregistrées au crédit et les sommes décaissées, au débit. Faux
49%
Au bilan, l'actif correspond à un.e ... et le passif à un.e ... emploi ; ressource
47%
Si le résultat constitue une perte On met la somme entre parenthèses / on la précède d'un signe "-"
45%
Les opérations sont décrites en comptabilité dès la naissance des droits et obligations affectant le patrimoine, sans qu'il y ait forcément de mouvement simultané de trésorerie. On parle alors de comptabilité d'engagement
33%
La tenue d'une comptabilité est imposée par le Code de Commerce
33%
En fin d'exercice, la détermination comptable du résultat consiste à solder les comptes de ... par virement à un compte unique gestion
32%
Pour équilibrer l'écriture de constatation du résultat, la différence entre les comptes de (1) et les comptes de (2) est comptabilisée au (3) du compte unique (cf question précédente) si (1) > (2) (1) produits ; (2) charges ; (3) crédit
29%
Lequel de ces principes comptables n'existe PAS? compensation
29%
Dans le Plan Comptable Général (PCG), on distingue (très) globalement les comptes d'/de ... des comptes d'/de ... bilan ; gestion
27%
Aucun quiz correspondant
Distribution des résultats
% des personnes avec chaque résultat
Percentile par nombre de réponses
Votre historique - résultats
Vous n’avez pas pris ce quiz